Elementary structural analysis / (Record no. 329771)
[ view plain ]
| 000 -LEADER | |
|---|---|
| fixed length control field | 00474cam a2200181ua 4500 |
| 003 - CONTROL NUMBER IDENTIFIER | |
| control field | OSt |
| 008 - FIXED-LENGTH DATA ELEMENTS--GENERAL INFORMATION | |
| fixed length control field | 250512b |||||||| |||| 00| 0 eng d |
| 041 ## - LANGUAGE CODE | |
| Language code of text/sound track or separate title | eng |
| 082 ## - DEWEY DECIMAL CLASSIFICATION NUMBER | |
| Classification number | 624.171 |
| Item number | NOR/EL |
| 100 ## - MAIN ENTRY--PERSONAL NAME | |
| Personal name | Norris, Charles head . |
| 9 (RLIN) | 7488 |
| 245 ## - TITLE STATEMENT | |
| Title | Elementary structural analysis / |
| 250 ## - EDITION STATEMENT | |
| Edition statement | 1 / |
| 260 ## - PUBLICATION, DISTRIBUTION, ETC. (IMPRINT) | |
| Place of publication, distribution, etc. | Auckland : |
| Name of publisher, distributor, etc. | Mcgraw-hill book co. , |
| Date of publication, distribution, etc. | 1977. |
| 300 ## - PHYSICAL DESCRIPTION | |
| Extent | 661 ; . |
| 700 1# - ADDED ENTRY--PERSONAL NAME | |
| Personal name | John, benson . |
| 9 (RLIN) | 7489 |
| 700 1# - ADDED ENTRY--PERSONAL NAME | |
| Personal name | Ukku, senol . |
| 9 (RLIN) | 7490 |
| 942 ## - ADDED ENTRY ELEMENTS (KOHA) | |
| Koha item type | Books (General) |
| Withdrawn status | Lost status | Damaged status | Not for loan | Home library | Current library | Date acquired | Total Checkouts | Full call number | Barcode | Date last seen | Price effective from | Koha item type |
|---|---|---|---|---|---|---|---|---|---|---|---|---|
| Kelappaji College of Agricultural Engineering & Technology Library, Tavanur | 07/04/2012 | 624.171 NOR/EL | KAU_KCAEFT-18085 | 03/09/2025 | 07/04/2012 | Books (General) |
